[Event "NED-ch U13"]
[Site "Rijswijk"]
[Date "2006.05.27"]
[Round "9"]
[White "Meng, Roger"]
[Black "Vervoort, Levente"]
[Result "1-0"]
[WhiteElo "1651"]
[BlackElo "1338"]
[PlyCount "83"]
[EventDate "2006.05.25"]
[EventType "swiss"]
[EventRounds "9"]
[EventCountry "NED"]
[SourceTitle "EXT 2009"]
[Source "ChessBase"]
[SourceDate "2008.11.26"]
[SourceVersion "1"]
[SourceVersionDate "2008.11.26"]
[SourceQuality "1"]

1. e4 c5 2. Nf3 Nc6 3. d4 cxd4 4. Nxd4 Nf6 5. Nc3 g6 6. Be3 Bg7 7. f3 0-0 8. Qd2 d5 9. exd5 Nxd5 10. Nxc6 Bxc3 11. bxc3 bxc6 12. Bh6 Re8 13. Bd3 Qa5 14. c4 Qxd2+ 15. Bxd2 Nb6 16. 0-0 Be6 17. c5 Nd5 18. Be4 Rac8 19. f4 Nf6 20. Bd3 Red8 21. Bc3 Rd5 22. Bb4 Rb8 23. a3 a5 24. Bxa5 Nd7 25. Be4 Rxc5 26. Bb4 Rc4 27. Bd3 c5 28. Bxc4 Bxc4 29. Rfd1 Ra8 30. Bc3 Nb6 31. Be1 Kf8 32. Bf2 Rc8 33. a4 Ke8 34. a5 Nd7 35. a6 Ra8 36. a7 e6 37. Rdb1 f5 38. Bxc5 Kf7 39. Bd6 Bd5 40. Rb8 h5 41. Rxa8 Bxa8 42. Rb1 1-0

[Event "Hengelo U12 op"]
[Site "Hengelo"]
[Date "2005.08.08"]
[Round "1"]
[White "Vervoort, Levente"]
[Black "Mostertman, Milan"]
[Result "0-1"]
[WhiteElo "1228"]
[BlackElo "1653"]
[PlyCount "78"]
[EventDate "2005.08.??"]
[EventType "swiss"]
[EventRounds "13"]
[EventCountry "NED"]
[SourceTitle "CBM 107 Extra"]
[Source "ChessBase"]
[SourceDate "2005.09.01"]
[SourceVersion "1"]
[SourceVersionDate "2005.09.01"]
[SourceQuality "1"]

1. e4 c5 2. Nf3 d6 3. d4 cxd4 4. Nxd4 Nf6 5. Nc3 g6 6. Be3 Bg7 7. Be2 0-0 8. Qd2 Nc6 9. 0-0-0 Nxd4 10. Bxd4 Be6 11. f4 Qa5 12. b3 Rfc8 13. Na4 Qxd2+ 14. Rxd2 Nxe4 15. Bxg7 Nxd2 16. Kxd2 Kxg7 17. Bf3 Rab8 18. Nc3 b5 19. a4 bxa4 20. Nxa4 Bd7 21. Nc3 Bc6 22. Nd5 Rb7 23. Re1 e6 24. Ne3 Bxf3 25. gxf3 d5 26. Rg1 Rbc7 27. h4 h5 28. f5 d4 29. Nc4 exf5 30. Nd6 Rxc2+ 31. Kd3 R8c3+ 32. Kxd4 Rxf3 33. Ne8+ Kf8 34. Nf6 Rxb3 35. Re1 Rc8 36. Nh7+ Kg7 37. Ng5 Rb4+ 38. Kd5 Rxh4 39. Nf3 Rh3 0-1